Central Library OPAC University of Rajshahi

Elements of geology / (Record no. 72349)

MARC details
000 -LEADER
fixed length control field 00751nam a2200265 a 4500
001 - CONTROL NUMBER
control field 72349
003 - CONTROL NUMBER IDENTIFIER
rucl marc code BD-RjUL
005 - DATE AND TIME OF LATEST TRANSACTION
control field 20211209082241.0
008 - FIXED-LENGTH DATA ELEMENTS--GENERAL INFORMATION
fixed length control field 170516s1972 nyua b 001 0 eng
020 ## - INTERNATIONAL STANDARD BOOK NUMBER
International Standard Book Number 0471986739
035 ## - SYSTEM CONTROL NUMBER
System control number (BD-RjUL)72566
040 ## - CATALOGING SOURCE
Original cataloging agency DLC
Transcribing agency DLC
Modifying agency BD-RjUL
Language of cataloging eng
041 ## - LANGUAGE CODE
Language code of text/sound track or separate title eng
082 00 - DEWEY DECIMAL CLASSIFICATION NUMBER
Classification number 551
Edition number 23
Author mark and year ZUE 1972
100 1# - MAIN ENTRY--PERSONAL NAME
Personal name Zumberge, James Herbert.
9 (RLIN) 213965
245 10 - TITLE STATEMENT
Title Elements of geology /
Statement of responsibility, etc. James H. Zumberge and Clemens A. Nelson.
250 ## - EDITION STATEMENT
Edition statement 3d ed.
260 ## - PUBLICATION, DISTRIBUTION, ETC. (IMPRINT)
Place of publication, distribution, etc. New York :
Name of publisher, distributor, etc. Wiley,
Date of publication, distribution, etc. 1972.
300 ## - PHYSICAL DESCRIPTION
Pagination 431 p. :
Illustrations ill. ;
Size 27 cm.
500 ## - GENERAL NOTE
General note Includes index
650 #0 - SUBJECT ADDED ENTRY--TOPICAL TERM
Topical term or geographic name as entry element Geology.
9 (RLIN) 213966
700 1# - ADDED ENTRY--PERSONAL NAME
Personal name Nelson, Clemens Arvid,
Dates associated with a name 1918-
Relator term joint author.
942 ## - ADDED ENTRY ELEMENTS (KOHA)
Source of classification or shelving scheme Dewey Decimal Classification
Koha item type Books
Holdings
Lost status Source of classification or shelving scheme Damaged status Not for loan Collection code Permanent Location Current Location Shelving location Date acquired Source of acquisition Cost, normal purchase price Total Checkouts Full call number Date last seen Copy number Koha item type
  Dewey Decimal Classification   Not For Loan Non-fiction Central Library, University of Rajshahi Central Library, University of Rajshahi Reading Room 25/04/1974 Eureka book agency 107.55   551 ZUE 1972 16/05/2017 C-1 Books
  Dewey Decimal Classification     Non-fiction Central Library, University of Rajshahi Central Library, University of Rajshahi   31/05/1979 Heffers 11.10   551 ZUE 1972 03/01/2019 C-2 Books
  Dewey Decimal Classification     Non-fiction Central Library, University of Rajshahi Central Library, University of Rajshahi Reading Room 31/05/1979 W. Heffer and sons 11.10   551 ZUE 1972 03/02/2019 C-3 Books
  Dewey Decimal Classification     Non-fiction Central Library, University of Rajshahi Central Library, University of Rajshahi   31/05/1979 W.Heffer and sons 11.10   551 ZUE 1972 03/02/2019 C-4 Books